Former National Football Team Logos - Statistics

General Stats
  • This quiz has been taken 77 times
  • The average score is 15 of 18
Answer Stats
Picture Hint Answer % Correct
1980-1983 Brazil
99%
1879-1950 England
99%
1907-1919 France
99%
1916-1924 United States
99%
1978-2019 Austria
97%
1974-1982 Italy
94%
1970-1992 Croatia
91%
1924 Germany
90%
1914-1966 Portugal
89%
1939-1945 Slovakia
89%
1949-1975 Spain
89%
1970-1979 Denmark
84%
1951-1960 Hungary
79%
1989-2005 Uruguay
77%
1930-1950 Poland
73%
1992-1997 Switzerland
60%
1920-1950 Belgium
59%
1950-1969 Netherlands
49%
No matching quizzes found
Score Distribution
Percent of People with Each Score
Percentile by Number Answered
Your Score History
You have not taken this quiz